| 000 | 00438 a2200169 4500 | ||
|---|---|---|---|
| 003 | Nust | ||
| 005 | 20170207153357.0 | ||
| 040 | _cNust | ||
| 082 | _a005.1 | ||
| 100 | _aAzhar , Capt Muhammad Kamran BESE-03 | ||
| 245 |
_aJini tm Services Manager (Hard / Softcopy) _cCapt Muhammad Kamran Azhar BESE-03 |
||
| 260 |
_bMCS _c2001 |
||
| 300 | _a79 : p | ||
| 538 | _aAlmirah No 71 Shelf No 3 | ||
| 650 | _aUG Projects | ||
| 651 | _aUG CS Projects | ||
| 942 | _cTHS | ||
| 999 |
_c184808 _d184808 |
||